000 00742nam a22001937a 4500
999 _c57925
_d57925
005 20210407152013.0
008 210331s2013 gw ||||| |||| 00| 0 goh d
020 _a9783642298684
041 _agoh
080 _a617.75+376.2 M-29
100 _aMaritzen , Astrid
_910972
245 _aRehabilitation bei Sehbehinderung und Blindheit /
_c Astrid Maritzen, Norbert Kamps.
264 _aHeidelberg :
_bSpringer,
_c2013.
300 _a244 p.
_b25 cm.
653 _aრეაბილიტაცია მხედველობა დაქვეითებული და სიბრმავეებისთვის
653 _aმედიცინა
700 _aKamps, Norbert
_eავტორი
_910973
942 _2udc
_cBK